• 首页
  • 本馆介绍
  • 公告通知
  • 最新文献
  • 馆藏检索
  • 电子资源
  • 读者导购
  • 参考咨询
  • 我的图书馆
  • 登录
  • 详细信息显示
  • 放入我的书架
  • 预约/预借图书
  • 作者相关作品
  • 分类相关作品
  • 丛书相关作品
  • 出版社相关作品

书目信息

  • 表格格式
  • 工作单格式
  • 卡片格式
题名:
美女中医才知道的艾灸美颜术
    
 
作者: 吴茱萸 编著
分册:  
出版信息: 南宁   广西科学技术出版社  2013
页数: 144页
开本: 21cm
丛书名:
单 册:
中图分类: R245.81-64
科图分类:
主题词: 美容--艾灸--图解 , 美容 , 艾灸
电子资源:
ISBN: 978-7-80763-942-8
000 00841nam0 2200253 450
001 006697059
005 20140611152224.03
010    @a978-7-80763-942-8@dCNY28.00
100    @a20130716d2013 em y0chiy0110 ea
101 0  @achi
102    @aCN@b450000
105    @aa z 000yy
106    @ar
200 1  @a美女中医才知道的艾灸美颜术@9mei nv zhong yi cai zhi dao de ai jiu mei yan shu@f吴茱萸编著
210    @a南宁@c广西科学技术出版社@d2013
215    @a144页@d21cm
330    @a本书内容包括:灸出暖美人;女性必知的艾灸八大穴;艾灸美容,为美丽加分;艾灸美体,从头到脚变美丽;告别妇科疾病;常见问题的居家艾灸疗法等。
606 0  @a美容@x艾灸@j图解
606 0  @a美容
606 0  @a艾灸
690    @aR245.81-64@v5
701  0 @a吴茱萸@9wu zhu yu@c(执业医师)@4编著
801  0 @aCN@bNLC@c20130823
905    @b549728-30@dR245.81-64@e320@f3
    
    美女中医才知道的艾灸美颜术/吴茱萸编著.-南宁:广西科学技术出版社,2013
    144页;21cm
    
    
    ISBN 978-7-80763-942-8:CNY28.00
    本书内容包括:灸出暖美人;女性必知的艾灸八大穴;艾灸美容,为美丽加分;艾灸美体,从头到脚变美丽;告别妇科疾病;常见问题的居家艾灸疗法等。
●
相关链接 在E读中查询图书 在五车中查询图书 在当当中查询图书 在豆瓣中查询图书


正题名:美女中医才知道的艾灸美颜术     索取号:R245.81-64/320         预约/预借

序号 登录号 条形码 馆藏地/架位号 状态 备注
1 549728   205497283   第二样本阅览室/ [索取号:R245.81-64/320] 在馆    
2 549729   205497292   第三借阅区/ [索取号:R245.81-64/320] 在馆    
3 549730   205497309   第三借阅区/ [索取号:R245.81-64/320] 已借出,限还日期为2026.06.11
借出人:任翠香  
 
唐山师范学院图书馆 欢迎您!
大连网信软件有限公司© 版权所有